000 00320nam a22001217a 4500
008 181023b xxu||||| |||| 00| 0 eng d
041 _aeng
080 _a701
100 _a45
101 _aART
245 _aPresents the global past in a comprehensive, evenhanded, and open-minded fashion.
_cSivers, P
942 _2udc
_cBK
999 _c50733
_d50733